000 00584nam a22002057a 4500
005 20150902104912.0
010 _aENG-113454
020 _c425.00
_a9789350350034
035 _aEN-96986
037 _bDBAD/PUB
082 _a346.54066
100 _aSaharay, H.K.
245 _aCompany law /
_cby H.K. Saharay
250 _a6th ed
260 _aDelhi
_bUniversal Law Publishing
_c2012
270 _aA-58, G.T. Karnal Road Industrial Area,
_bDelhi
_e110033
300 _axcviii,606p.
_c25cm(pbk)
500 _aIncludes index
942 _2ddc
_cEN
_mSAH
_h346.54066
999 _c94870
_d94870